| 000 | 00743nam a2200289Ia 4500 | ||
|---|---|---|---|
| 001 | 18853 | ||
| 005 | 20240113235904.0 | ||
| 007 | ta | ||
| 008 | 060124s1978 g b000 u asm u | ||
| 020 | _cPB | ||
| 040 | _aCotton College,Assam | ||
| 041 | _aasm | ||
| 082 |
_a491.41 _bCh 457 Pr |
||
| 082 |
_a891.417 _bCh 457 Pr |
||
| 100 | _aChowdhury, Dharmadas . | ||
| 245 | 0 |
_aPrabad Prabachan Malika / _cDharmadas Chowdhury. _hTextual Documents |
|
| 250 | _a1st ed. / | ||
| 260 |
_aGuwahati : _bB.R. Kalita & Co , _c1978. |
||
| 300 |
_a63p. ; _c22cm. |
||
| 653 | _aAssamese Literature | ||
| 653 | _aG-Assamese | ||
| 653 | _aG-Languages | ||
| 942 |
_2ddc _cBK |
||
| 999 |
_c18835 _d18835 |
||